00661nam a2200181Ia 4500001001000000003000500010008004100015010001100056040000900067082001900076100001700095245011100112300000900223440001800232500011100250650007800361710004000439Para_8119CHAP220125s9999 xx 000 0 und d a207024 cCHAP aPA-C 595.75 H4 aBeamer, R.H. aA new erythroneura relatd to erythroneura rubricata (Van D.) (Homoptera, cicadellidae) /c by R.H. Beamer a2 p. aHemiptera; 14 aSobretiro de: The Pan-Pacific Entomologist 8 (4): 183-184, 1932. Encuadernado con otros impresos similares ax Hemípteros x colecciones de escritos x Erythroneura x Cicadelidos aThe PanxPacific Entomologist 8 (4)